| 000 | 00392nam a22001337a 4500 | ||
|---|---|---|---|
| 020 | _a9789693504484 | ||
| 082 |
_a891.4393 _bISH |
||
| 100 | _aAhmad, Ishafaq | ||
| 245 |
_aAik Mohabbat So Afsanay / _cIshafaq Ahmad |
||
| 260 |
_aLahore : _bSange-E-Meel Publications, _c2018. |
||
| 300 |
_a192 p. ; _c22 cm. |
||
| 880 |
_6245-02\r _aایک محبت سو افسافے / |
||
| 942 |
_2ddc _cBK |
||
| 999 |
_c594543 _d594543 |
||